000 00910nam a2200241 i 4500
001 161965
003 ES-MaACL
005 20230906212408.0
008 041026s1861 fr a |||| | fre d
040 _aCAM
_bspa
_cCAM
100 1 _aPerrin, Maximilien.
_9131047
245 1 0 _aRiche d'amour /
_cpar Maximilien Perrin.
260 _aParis :
_bLécrivain et Toubon,
_c[s.a.] (
_eImprimerie Cerf)
300 _a50 p. :
_bil. ;
_c29 cm.
490 1 _aBibliothèque pour tous / publiée par J. Lemer ;
_v110
500 _aDatos tomados de la BN Opale-Plus.
596 _aLa BN Opale-Plus lo fecha en 1861.
597 _aTexto a dos col.
597 _aIl. xil. en cabecera de primera p. de texto.
830 0 _aBibliothèque pour tous / publiée par J. Lemer ;
_v110
_9188366
852 _aES-MaACL
_jR-1707(6)
_z-- Enc. hol.
_q-- Falto de port.
_z-- Enc. en un vol. facticio
999 _c161965
_d161965